000
00280nam a22001097a 4500
008
170111b xxu||||| |||| 00| 0 eng d
020
_a
9780323002899
041
_a
eng
080
_2
5TH
_a
618.2
245
_a
DIAGNOSTIC TESTING AND NURSING IMPLICATIONS
_c
PAGANA, K.D
942
_2
udc
_c
BK
999
_c
2719
_d
2719